000 00652nam a2200205 u 4500
005 20210223131600.0
008 110830s2007 es r 000 0 spa d
020 _a9788484524625
035 _aUPN01000181620
049 _aCG
050 4 _aDT157.673
_bF5.3
100 1 _aFlint, Julie
_934626
245 1 0 _aDarfur :
_bhistoria breve de una larga guerra /
_cJulie Flint, Alex de Waal ; tr. Ana Isabel González.
260 _aBarcelona, Esp. :
_bIntermón Oxfam,
_c2007.
300 _a128 p.
440 0 _aReferencias ;
_v8
651 4 _aSUDAN -
_xHISTORIA -
_yCONFLICTO DE DARFUR, 2003-
_922607
700 1 _aWaal, Alex de,
_ecoaut.
905 _aLibro
999 _c153723
_d153723